000
00489nam a2200145Ia 4500
008
100204s9999 xx 000 0 und d
082
_b
25793
100
_a
हळबे धनश्री
245
_a
असुनी नाथ मी अनाथ
260
_b
"शिवम प्रकाशन , ठाणे"
_c
20003
300
_a
197
630
_a
असुनी नाथ मी अनाथ
730
_a
असुनी नाथ मी अनाथ
942
_c
BOOK
999
_c
470974
_d
470971